| 000 | 00475nam a22001817a 4500 | ||
|---|---|---|---|
| 003 | MPLRDC | ||
| 005 | 20220104143954.0 | ||
| 008 | 210129b ||||| |||| 00| 0 eng d | ||
| 082 | _a524.921 LSF | ||
| 100 | _a陆素芬编 | ||
| 245 |
_a高中统考华文综合练习 _c |
||
| 250 | _a初版 | ||
| 260 |
_a _b艺青出版社 _c1997 |
||
| 300 | _b平 | ||
| 490 | _a马来西亚华文独中适用 | ||
| 650 | _a中等教育--高中统考华文 | ||
| 942 |
_cBK _o524.921 LSF |
||
| 999 |
_c45161 _d45151 |
||